Bẻ gãy cuộc phản công chiến lược lần thứ nhất của Mỹ
Sparad:
| Huvudupphovsman: | |
|---|---|
| Materialtyp: | Bok |
| Språk: | Undetermined |
| Ämnen: | |
| Länkar: | http://lrc.tdmu.edu.vn/opac/search/detail.asp?aID=2&ID=23613 |
| Taggar: |
Lägg till en tagg
Inga taggar, Lägg till första taggen!
|
| Thư viện lưu trữ: | Trung tâm Học liệu Trường Đại học Thủ Dầu Một |
|---|
| LEADER | 00725nam a2200145Ia 4500 | ||
|---|---|---|---|
| 001 | TDMU_23613 | ||
| 008 | 210410s9999 xx 000 0 und d | ||
| 082 | |a 959.704 | ||
| 100 | |a Trần, Kim Hà | ||
| 245 | 0 | |a Bẻ gãy cuộc phản công chiến lược lần thứ nhất của Mỹ | |
| 245 | 0 | |c Trần Kim Hà | |
| 300 | |a 2tr | ||
| 650 | |a Kháng chiến chống Mỹ ; Lực lượng viễn chinh Mỹ ; Quân chư hầu ; Lực lượng bộ binh ; Quân giải phóng ; Cuộc phản công chiến lược ; Lịch sử | ||
| 856 | |u http://lrc.tdmu.edu.vn/opac/search/detail.asp?aID=2&ID=23613 | ||
| 980 | |a Trung tâm Học liệu Trường Đại học Thủ Dầu Một | ||